000 01002nam a22003137a 4500
001 BR7703880
003 BR-BrBNA
005 20230928085344.0
007 ta
008 230509b bl.||||| |||| 00| 0 por d
040 _aBR-BrBNA
_bpor
_cBiblioteca Nacional de Agricultura
041 _a(Por)
072 _aL10
_b5213
_b/G514
090 _ 5213 BR7703880
110 1 _aDepartamento Nacional da Producao Animal, Brasilia, DF (Brasil). Div. para Animais de Grande Porte
245 1 _aProjeto de Melhoramento de Bovinos de corte - PROMEBO. Sub-projeto para teste de progenie de touros zebus [Brasil]
260 3 _aBrasilia, DF (Brasil):
_c[nd].
300 _a100 p.
500 _aPublished 1977?
650 _aMelhoramento genetico animal
650 _aGado zebu
650 _aGado de corte
650 _aEficiencia reprodutiva
650 _aInseminacao artificial
650 _aSelecao genetica
650 _aTeste de progenie
909 _a202309
_bLucia
_c55
_dLucia Elande
942 _cBK
999 _c23992
_d23992